Fyzika část 2: Mechanika-Termodynamika. Vysokoškolská učebnice obecné fyziky

Saved in:
Bibliographic Details
Main Author: Halliday, David
Other Authors: Resnick, Robert, Walker, Jearl
Format: Book
Language:Czech
Published: Brno VUTIUM 2000
Edition:6. vyd.
Subjects:
Online Access:View in OPAC
Tags: Add Tag
No Tags, Be the first to tag this record!

MARC

LEADER 00000nam a2200000 a 4500
005 20260127134319.0
008 060420 2000 xr 000 0 cze d
020 |a 8021418680 
035 |a vtls008692201 
039 9 |y 200604201157  |z mschk03 
040 |a STUSCHK1  |b slo  |c STUSCHK1  |e AACR2 
080 |a 53 
100 1 |a Halliday, David 
245 1 |a Fyzika  |b část 2: Mechanika-Termodynamika. Vysokoškolská učebnice obecné fyziky 
250 |a 6. vyd. 
260 |a Brno  |b VUTIUM  |c 2000 
300 |a 246 s.,príl.; 2 část 
500 |a část 2. Mechanika-Termodynamika 
650 0 |a fyzika 
700 1 |a Resnick, Robert 
700 1 |a Walker, Jearl 
910 |a SCHK95 
919 |a 80-214-1868-0 
999 |c 9552  |d 9552